A history of Cambodia / (Record no. 509)

MARC details
000 -LEADER
fixed length control field 01519cam a2200241 a 4500
005 - DATE AND TIME OF LATEST TRANSACTION
control field 20240111154706.0
020 ## - INTERNATIONAL STANDARD BOOK NUMBER
International Standard Book Number 9780813343631 (pbk.)
020 ## - INTERNATIONAL STANDARD BOOK NUMBER
International Standard Book Number 0813343631 (pbk.)
020 ## - INTERNATIONAL STANDARD BOOK NUMBER
International Standard Book Number 9789749511572
040 ## - CATALOGING SOURCE
Original cataloging agency DLC
Transcribing agency DLC
Modifying agency YDX
-- BAKER
-- BTCTA
-- UKM
-- YDXCP
-- NSB
-- DLC
Language of cataloging eng
050 00 - LIBRARY OF CONGRESS CALL NUMBER
Classification number DS554.5
Item number .C46 2008
082 00 - DEWEY DECIMAL CLASSIFICATION NUMBER
Classification number 959.6
Edition number 22
100 1# - MAIN ENTRY--PERSONAL NAME
Personal name Chandler, David P.
Fuller form of name (David Porter),
Dates associated with a name 1933-
245 12 - TITLE STATEMENT
Title A history of Cambodia /
Statement of responsibility, etc. David Chandler.
250 ## - EDITION STATEMENT
Edition statement Southeast Asian Edition.
260 ## - PUBLICATION, DISTRIBUTION, ETC.
Place of publication, distribution, etc. Chiang Mai, Thailand
Name of publisher, distributor, etc. Westview Press.
Date of publication, distribution, etc. 2008.
300 ## - PHYSICAL DESCRIPTION
Extent xiv, 365 p. :
Other physical details ill., maps ;
Dimensions 23 cm.
520 ## - SUMMARY, ETC.
Summary, etc. This clear and concise volume provides a timely overview of Cambodia, a small but increasingly visible Southeast Asian nation. Hailed by the Journal of Asian Studies as an "original contribution, superior to any other existing work," the first edition ended in 1953 with Cambodia's independence from France; the second carries the narrative forward to the present. In the new material, Chandler focuses especially on the unstable but influential career of Prince Norodom Sihanouk, the bloody reign of Pol Pot's Khmer Rouge, and the relative calm that followed the Vietnamese invasion of 1979. This comprehensive general description and analysis of Cambodia will illuminate--for specialists and general readers alike--the history and contemporary politics of a country long misunderstood.
521 ## - TARGET AUDIENCE NOTE
Target audience note 1490 <br/>
Source Lexile
906 ## - LOCAL DATA ELEMENT F, LDF (RLIN)
a 7
b cbc
c orignew
d 1
e ecip
f 20
g y-gencatlg
942 ## - ADDED ENTRY ELEMENTS (KOHA)
Source of classification or shelving scheme Dewey Decimal Classification
Koha item type Books
Suppress in OPAC No
999 ## -
-- 509
-- 509
Holdings
Withdrawn status Lost status Source of classification or shelving scheme Damaged status Not for loan Collection Home library Current library Shelving location Date acquired Total Checkouts Full call number Barcode Date due Date last seen Date last checked out Price effective from Koha item type
    Library of Congress Classification     Non-Fiction Footprints International School Library Network Toul Kork Campus Footprints International School Library Network Toul Kork Campus   01/11/2024 3 CHA 959.6 DS554.5 2024-0024 03/12/2026 02/26/2026 02/26/2026 01/11/2024 Books